Responses for Show #4810 - Friday, July 1, 2005

Contestants

[<< previous game]

Mark Eckenwiler, an attorney originally from Tulsa, Oklahoma

Julie Baker, an attorney from Crestwood, Kentucky

Chad Morgan, an engineer from Edwards, California (whose 1-day cash winnings total $13,999)

[next game >>]

Jeopardy! Round responses

CLASSICAL CLASSICS
ON YOUR MARK
THE QUIRKS OF HISTORY
GREEN "T"
FOREIGN LEGISLATURE
(Alex: ...you have to identify the country.)
WHAT'S MY LINE?
    $200 1
"Rhapsody In Blue"

Mark
    $200 3
(Mark) Goodson

Julie
    $200 18
the stethoscope

Julie
    $200 11
a Tyrannosaurus rex

Julie
    $200 2
Germany

Julie
    $200 22
a railway

Mark
    $400 5
"The Messiah"

Mark
    $400 4
Mark Spitz

Chad
    $400 27
Franklin Roosevelt

Julie
    $400 12
turf

Chad
    $400 6
Israel

Chad
    $400 23
an actor

Julie
    $600 7
(Julie: Who is Brahms?)
(Chad: What is "The Surprise Symphony"?)
...
(Alex: Julie was on the right track, it was [*]; we weren't going for the identity of the composer, but rather, the identity of the piece.)

"Brahms' Lullaby"

ChadJulie
Triple Stumper
    $600 13
Mark Harmon

Julie
    $1,200 28
(Julie: What is a historic landmark?)
(Alex: No, they changed it into a large [*], a radio tower.)

a radio antenna

Julie
    $600 14
topiary

Chad
    $600 10
Spain

Julie
    $600 24
a newspaper

Julie
    $800 8
a bumblebee ("Flight Of The Bumblebee" accepted)

Mark
    $800 15
(Julie: What is marksmanship?)

hockey

JulieMark
    $800 29
the Scopes trial

Mark
    $800 19
the tomatillo

Julie
    $800 16
Ireland

Mark
    $800 25
(Julie: What is music?)

poetry

JulieMark
    $1000 9
(Alex: "Fanfare For The Common Man", yes.)

(Aaron) Copland

Mark
    $1000 21
Mark Knopfler

Julie
    $1000 30
Ho Chi Minh

Mark
    $1000 20
Togo

Julie
    $1000 17
Norway

Triple Stumper
    $1000 26
a meteorologist

Julie

Scores at the first commercial break (after clue 16):

Chad Julie Mark
$1,200 $400 $4,000

Scores at the end of the Jeopardy! Round:

Chad Julie Mark
$1,200 $3,800 $6,800

Double Jeopardy! Round responses

AMERICAN LITERATURE
"SUMMER" CINEMA
STOCK SYMBOLS
THE BODY HUMAN
U.S. MUSEUMS
SIMILES
    $400 1
Faulkner

Mark
    $400 3
Summer Rental

Julie
    $400 8
Weight Watchers

Julie
    $400 19
(Julie: What are incisors?)

canines

ChadJulie
    $400 2
Idaho

Julie
    $400 25
sin

Chad
    $800 10
Bradbury

Julie
    $800 4
(Julie: What is summer camp?)
...
(Alex: They like summer camp; they don't like [*].)

summer school

Julie
Triple Stumper
    $800 9
Domino's Pizza

Mark
    $800 20
(Chad: What is... the... [*]?)
(Alex: Too much time.)
...
(Alex: Chad, you'll have to be careful. You're just stretching it a little too much.)

the jugular veins

ChadJulie
    $800 17
(Chad: [No response])

the (New Orleans) Saints

ChadMark
    $800 27
the hills

Mark
    $1200 12
Gentlemen Prefer Blondes

Mark
    $1200 5
Summer Magic

Julie
    $1200 11
General Mills

Chad
    $1200 21
the small intestine

Chad
    $1200 18
the Guggenheim

Chad
    $1,400 28
I slept like a baby

Mark
    $1600 13
The Great Gatsby

Julie
    $1600 6
(Mark: What is Suddenly, Last Summer?)
(Julie: What is The Long, Hot Summer?)

Summer and Smoke

JulieMark
Triple Stumper
    $1600 15
Con Edison (Consolidated Edison)

Triple Stumper
    $1600 22
the epiglottis

Chad
    $1600 24
James Joyce

Julie
    $1600 29
a colossus

Mark
    $2000 14
Buck

Julie
    $2000 7
Summer Stock

Julie
    $2000 16
Movado

Mark
    $2000 23
(Chad: What is the cranium?)
(Julie: ...What is the tympanic membrane?)

the dura mater

ChadJulie
Triple Stumper
    $400 26
(Chad: I don't know.)

the Field Museum (of Natural History)

Chad
    $2000 30
good as gold

Mark

Scores at the end of the Double Jeopardy! Round:

Chad Julie Mark
$3,200 $10,200 $16,200

[wagering suggestions for these scores]

Final Jeopardy! Round responses

U.S. SENATE HISTORY
(Alex: Because they supported the Confederacy, 11 senators were expelled from the Senate.)
ChadWhat is 1860?
$3,200
JulieWhat is 1974?
$10,000
MarkWhat is 1861?
$4,201
1861

Final scores:

Chad Julie Mark
$0 $200 $20,401
3rd place: $1,000 2nd place: $2,000 New champion: $20,401

Game dynamics:

Coryat scores:

Chad Julie Mark
$3,600 $11,400 $16,000
10 R,
5 W
(including 1 DD)
23 R,
8 W
(including 1 DD)
19 R
(including 1 DD),
1 W

Combined Coryat: $31,000

[game clues] [game scores] [suggest correction]

Game tape date: 2004-12-10
The J! Archive is created by fans, for fans. Scraping, republication, monetization, and malicious use prohibited; this site may use cookies and collect identifying information. See terms. The Jeopardy! game show and all elements thereof, including but not limited to copyright and trademark thereto, are the property of Jeopardy Productions, Inc. and are protected under law. This website is not affiliated with, sponsored by, or operated by Jeopardy Productions, Inc. Join the discussion at JBoard.tv.